[Event "Satka Summer op"]
[Site "Satka"]
[Date "2014.07.04"]
[Round "3"]
[White "Ibragimov, Maxim"]
[Black "Matveev, Vladimir"]
[Result "1/2-1/2"]
[WhiteElo "2154"]
[BlackElo "2359"]
[PlyCount "98"]
[EventDate "2014.07.02"]
[EventType "swiss"]
[EventRounds "9"]
[EventCountry "RUS"]
[SourceTitle "CBM 161 Extra"]
[Source "ChessBase"]
[SourceDate "2014.08.29"]
[SourceVersion "1"]
[SourceVersionDate "2014.08.29"]
[SourceQuality "1"]

1. e4 d6 2. d4 g6 3. Nf3 Bg7 4. Bc4 Nf6 5. Nc3 0-0 6. Bb3 Nc6 7. Bg5 Na5 8. Qd2 Nxb3 9. axb3 b5 10. Bxf6 exf6 11. 0-0 c6 12. b4 Qb6 13. Rfe1 Rd8 14. h3 a6 15. Qe2 Bd7 16. Rad1 Re8 17. Qd2 Rad8 18. Qf4 Bc8 19. Qh4 h6 20. Qf4 g5 21. Qd2 f5 22. exf5 Bxf5 23. Re3 Rxe3 24. fxe3 Re8 25. Re1 a5 26. bxa5 Qxa5 27. e4 Bg6 28. e5 d5 29. Re2 Qb4 30. Nd1 Qxd2 31. Rxd2 Ra8 32. c3 b4 33. Ne3 b3 34. c4 Be4 35. cxd5 cxd5 36. Ne1 f6 37. Nd3 fxe5 38. dxe5 Ra1+ 39. Kf2 Bf8 40. Ng4 Kf7 41. Nf6 Ke6 42. Ke3 Bf5 43. Kd4 Be7 44. Kc3 Bxf6 45. exf6 Kxf6 46. Nb4 Be4 47. Nxd5+ Ke5 48. Ne3 Kf4 49. Ng4 Kg3 1/2-1/2

[Event "RUS-chT U20"]
[Site "Rybinsk"]
[Date "2010.08.09"]
[Round "8"]
[White "Demidov, Mikhail"]
[Black "Matveev, Vladimir"]
[Result "1-0"]
[WhiteElo "2385"]
[BlackElo "2222"]
[PlyCount "127"]
[EventDate "2010.08.02"]
[EventType "team-swiss"]
[EventRounds "9"]
[EventCountry "RUS"]
[SourceTitle "EXT 2011"]
[Source "ChessBase"]
[SourceDate "2010.11.26"]
[SourceVersion "1"]
[SourceVersionDate "2010.11.26"]
[SourceQuality "1"]

1. d4 Nf6 2. Nf3 g6 3. Bf4 Bg7 4. h3 0-0 5. e3 c5 6. c4 cxd4 7. exd4 d5 8. Nc3 Nc6 9. a3 Re8 10. Be2 dxc4 11. Bxc4 Nxd4 12. Qxd4 Qxd4 13. Nxd4 e5 14. 0-0 exf4 15. Ncb5 Rd8 16. Nf3 a6 17. Nc7 Ra7 18. Rac1 b5 19. Ba2 Ne8 20. Nxe8 Rxe8 21. Rc2 h6 22. Rfc1 Be6 23. Bxe6 Rxe6 24. Rd1 Bf6 25. b3 Kg7 26. Rd5 Be7 27. a4 bxa4 28. bxa4 Re4 29. Rd4 Rxd4 30. Nxd4 Rb7 31. Kf1 Bf6 32. Nc6 Rb1+ 33. Ke2 g5 34. Rc5 Kg6 35. Ra5 Rb6 36. Rc5 h5 37. Rc4 g4 38. hxg4 hxg4 39. Nb4 Kg5 40. Rc5+ Kh4 41. Nd3 Re6+ 42. Kf1 Bg5 43. g3+ fxg3 44. fxg3+ Kxg3 45. Rxg5 Re3 46. Nf2 Ra3 47. Rxg4+ Kf3 48. Rd4 Ra1+ 49. Nd1 f5 50. Ke1 f4 51. Kd2 Kg3 52. Kc3 Rb1 53. Rd6 a5 54. Rg6+ Kf3 55. Kd2 Rb4 56. Nc3 Rd4+ 57. Kc2 Ke3 58. Re6+ Kf2 59. Re5 f3 60. Rxa5 Kg2 61. Rg5+ Kh2 62. Rf5 Kg3 63. a5 f2 64. Ne2+ 1-0

[Event "RUS-chT U20"]
[Site "Rybinsk"]
[Date "2010.08.05"]
[Round "4"]
[White "Romanov, Stanislav"]
[Black "Matveev, Vladimir"]
[Result "0-1"]
[WhiteElo "2046"]
[BlackElo "2222"]
[PlyCount "84"]
[EventDate "2010.08.02"]
[EventType "team-swiss"]
[EventRounds "9"]
[EventCountry "RUS"]
[SourceTitle "EXT 2011"]
[Source "ChessBase"]
[SourceDate "2010.11.26"]
[SourceVersion "1"]
[SourceVersionDate "2010.11.26"]
[SourceQuality "1"]

1. e4 d6 2. d4 g6 3. Nc3 Bg7 4. f4 Nf6 5. Bd3 Nc6 6. Nf3 Bg4 7. d5 Nd4 8. Be3 c5 9. Bxd4 cxd4 10. Ne2 Bxf3 11. gxf3 Qb6 12. a4 0-0 13. b3 Nh5 14. Qd2 Bh6 15. Bc4 f5 16. Qxd4 Qxd4 17. Nxd4 Bg7 18. 0-0-0 Bxd4 19. Rxd4 Nxf4 20. Re1 Ng2 21. Re2 Nh4 22. exf5 Nxf5 23. Rde4 Rf7 24. Bd3 Rc8 25. Rb4 Rc7 26. Bxf5 Rxf5 27. Rc4 Rxc4 28. bxc4 Kf7 29. Re3 Rf4 30. Rc3 b6 31. Kd2 Rh4 32. a5 Rxh2+ 33. Kd3 h5 34. axb6 axb6 35. Rb3 Rf2 36. Rxb6 Rxf3+ 37. Kd4 h4 38. Rb8 g5 39. Rh8 h3 40. Rh7+ Kf6 41. Ke4 Rf4+ 42. Kd3 Rh4 0-1

[Event "Zudov Memorial-A 6th"]
[Site "Nizhnij Tagil"]
[Date "2010.07.01"]
[Round "7"]
[White "Kurzykov, Andrey"]
[Black "Matveev, Vladimir"]
[Result "0-1"]
[WhiteElo "2078"]
[BlackElo "2340"]
[PlyCount "90"]
[EventDate "2010.06.25"]
[EventType "tourn"]
[EventRounds "11"]
[EventCountry "RUS"]
[EventCategory "3"]
[SourceTitle "EXT 2011"]
[Source "ChessBase"]
[SourceDate "2010.11.26"]
[SourceVersion "1"]
[SourceVersionDate "2010.11.26"]
[SourceQuality "1"]

1. d4 Nf6 2. Nf3 g6 3. g3 Bg7 4. Bg2 0-0 5. 0-0 d6 6. c4 Nc6 7. Nc3 Bf5 8. b3 Ne4 9. Bb2 Nxc3 10. Bxc3 e5 11. dxe5 dxe5 12. Qxd8 Rfxd8 13. Nh4 Bd7 14. Bd5 Rab8 15. e3 Ne7 16. Bf3 g5 17. Bb4 Re8 18. Rad1 Be6 19. Ng2 f5 20. h4 g4 21. Be2 Nc6 22. Bc3 b6 23. Bd3 e4 24. Bxg7 Kxg7 25. Bb1 Ne5 26. Nf4 Kf6 27. Ne2 Red8 28. Nc3 c6 29. Rxd8 Rxd8 30. Rd1 Rxd1+ 31. Nxd1 Ke7 32. Nc3 Kd6 33. Bc2 Kc5 34. Kf1 Kb4 35. Nb1 Nxc4 36. bxc4 Bxc4+ 37. Ke1 Bxa2 38. Nd2 Bd5 39. Nb1 a5 40. Kd2 a4 41. Nc3 a3 42. Bb1 Bc4 43. Na2+ Kb3 44. Nc3 Kb2 45. h5 b5 0-1

[Event "Kostroma Volga Cup op"]
[Site "Kostroma"]
[Date "2010.07.??"]
[Round "8"]
[White "Matveev, Vladimir"]
[Black "Maslov, Mikhail"]
[Result "0-1"]
[WhiteElo "2222"]
[BlackElo "2333"]
[PlyCount "88"]
[EventDate "2010.07.??"]
[EventType "swiss"]
[EventRounds "9"]
[EventCountry "RUS"]
[SourceTitle "EXT 2011"]
[Source "ChessBase"]
[SourceDate "2010.11.26"]
[SourceVersion "1"]
[SourceVersionDate "2010.11.26"]
[SourceQuality "1"]

1. d4 d5 2. c4 dxc4 3. e4 e5 4. Nf3 exd4 5. Bxc4 Nc6 6. 0-0 Be6 7. Bb5 Bc5 8. Qc2 Bb6 9. a4 a5 10. Bxc6+ bxc6 11. Qxc6+ Bd7 12. Qc4 Qf6 13. Rd1 Bg4 14. Bg5 Qd6 15. Ne5 Be6 16. Qb5+ Bd7 17. Nxd7 Qxd7 18. Qe5+ Kf8 19. Qg3 f6 20. Qf3 Re8 21. Nd2 Qf7 22. Bf4 g5 23. Bg3 h5 24. h4 gxh4 25. Bxh4 Kg7 26. Rac1 Ne7 27. Nb3 Ng6 28. Bg3 Rd8 29. Rc6 h4 30. Bh2 Rhe8 31. Nc5 Re7 32. Qf5 Bxc5 33. Rxc5 Qb3 34. Qg4 Rxe4 35. Rxc7+ Kh6 36. Qf3 Qe6 37. Rcc1 Rd7 38. Bc7 Rxc7 39. Rxc7 Re1+ 40. Kh2 Qe5+ 41. g3 Rxd1 42. Qb7 hxg3+ 43. Kg2 Nf4+ 44. Kf3 Rd3+ 0-1

[Event "Kostroma Volga Cup op"]
[Site "Kostroma"]
[Date "2010.07.??"]
[Round "4"]
[White "Matveev, Vladimir"]
[Black "Mikhailov, Viacheslav"]
[Result "0-1"]
[WhiteElo "2222"]
[BlackElo "2139"]
[PlyCount "81"]
[EventDate "2010.07.??"]
[EventType "swiss"]
[EventRounds "9"]
[EventCountry "RUS"]
[SourceTitle "EXT 2011"]
[Source "ChessBase"]
[SourceDate "2010.11.26"]
[SourceVersion "1"]
[SourceVersionDate "2010.11.26"]
[SourceQuality "1"]

1. d4 Nf6 2. c4 e6 3. Nc3 Bb4 4. Qc2 d5 5. cxd5 exd5 6. Bg5 0-0 7. e3 c6 8. Bd3 h6 9. Bh4 Nbd7 10. Nge2 Be7 11. 0-0 Ne8 12. Bg3 Ndf6 13. f3 Nc7 14. Rad1 Ne6 15. Kh1 Bd6 16. Bh4 g5 17. Bg3 Bxg3 18. Nxg3 Ng7 19. Qf2 Bd7 20. e4 Qc7 21. e5 Nfh5 22. Nce2 f6 23. Bg6 Nxg3+ 24. Qxg3 fxe5 25. dxe5 Bf5 26. e6 Qxg3 27. Bf7+ Kh7 28. Nxg3 Bxe6 29. Bxe6 Nxe6 30. Rfe1 Rae8 31. Re5 Nc7 32. Rde1 Rxe5 33. Rxe5 Re8 34. Rxe8 Nxe8 35. Kg1 Kg6 36. Kf2 Nd6 37. Ke2 Nf5 38. Nh1 Kf6 39. Nf2 c5 40. Nd3 b6 41. b3 0-1

[Event "Kostroma Volga Cup op"]
[Site "Kostroma"]
[Date "2010.07.??"]
[Round "3"]
[White "Suharukova, Anastasia"]
[Black "Matveev, Vladimir"]
[Result "0-1"]
[WhiteElo "2051"]
[BlackElo "2222"]
[PlyCount "118"]
[EventDate "2010.07.??"]
[EventType "swiss"]
[EventRounds "9"]
[EventCountry "RUS"]
[SourceTitle "EXT 2011"]
[Source "ChessBase"]
[SourceDate "2010.11.26"]
[SourceVersion "1"]
[SourceVersionDate "2010.11.26"]
[SourceQuality "1"]

1. e4 e6 2. d4 d5 3. Nd2 c5 4. c3 cxd4 5. cxd4 dxe4 6. Nxe4 Nf6 7. Nxf6+ Qxf6 8. Nf3 Bb4+ 9. Bd2 Bxd2+ 10. Qxd2 0-0 11. Bc4 Nc6 12. 0-0 Rd8 13. Rfd1 Nxd4 14. Nxd4 e5 15. Qe1 exd4 16. Rd3 Be6 17. Rf3 Qh6 18. Bd3 Rac8 19. a3 b6 20. h3 g6 21. Rg3 Qf4 22. Rd1 Rc5 23. Bb1 Rg5 24. Rxg5 Qxg5 25. Kh2 Bd5 26. g3 Qf6 27. f4 Bb7 28. Qf2 Kg7 29. Bd3 Re8 30. Bf1 Re3 31. Bg2 Bxg2 32. Kxg2 Qc6+ 33. Kh2 Qe4 34. Rd2 d3 35. h4 h5 36. b4 Kh7 37. a4 Re2 38. Rxe2 dxe2 39. Qe1 Qf3 40. Kg1 Qe3+ 41. Kh2 Qf3 42. Kg1 a6 43. a5 b5 44. Qf2 Qc3 45. Qxe2 Qxg3+ 46. Qg2 Qxf4 47. Qb7 Qf6 48. Kg2 Kg7 49. Qb6 Qb2+ 50. Kg3 Qc3+ 51. Kg2 Qc8 52. Qd4+ Kh7 53. Qd5 Qg4+ 54. Kh2 Qxh4+ 55. Kg2 Qg4+ 56. Kh2 Qf4+ 57. Kg1 h4 58. Qb7 h3 59. Qxa6 Qf3 0-1

[Event "Zudov Memorial-A 6th"]
[Site "Nizhnij Tagil"]
[Date "2010.06.27"]
[Round "3"]
[White "Kopylov, Alexander A"]
[Black "Matveev, Vladimir"]
[Result "0-1"]
[WhiteElo "2452"]
[BlackElo "2340"]
[PlyCount "90"]
[EventDate "2010.06.25"]
[EventType "tourn"]
[EventRounds "11"]
[EventCountry "RUS"]
[EventCategory "3"]
[SourceTitle "EXT 2011"]
[Source "ChessBase"]
[SourceDate "2010.11.26"]
[SourceVersion "1"]
[SourceVersionDate "2010.11.26"]
[SourceQuality "1"]

1. d4 Nf6 2. Nf3 g6 3. e3 Bg7 4. Be2 0-0 5. 0-0 c5 6. c3 d6 7. Nbd2 Nc6 8. a3 cxd4 9. cxd4 e5 10. b4 exd4 11. exd4 Nd5 12. Bb2 Nf4 13. Re1 Nxe2+ 14. Qxe2 Be6 15. h3 Rc8 16. Ne4 Bd5 17. Qb5 Ne7 18. Bc1 a6 19. Qa4 h6 20. Qd1 Nf5 21. Bf4 Qb6 22. Qd2 Rc4 23. Rad1 Qc6 24. Rc1 b5 25. Ng3 Nxg3 26. Bxg3 Bxf3 27. gxf3 Qxf3 28. Rxc4 bxc4 29. Bxd6 Rd8 30. Re3 Qh5 31. Bc5 Rd5 32. a4 Qh4 33. a5 Bxd4 34. Bxd4 Rxd4 35. Qe2 Qg5+ 36. Kh2 Qf4+ 37. Kg2 Qg5+ 38. Kh2 Kg7 39. Re5 Qf4+ 40. Kg2 Rd2 41. Re4 Qg5+ 42. Qg4 Qd5 43. Qf3 Rd3 44. Re3 Qd6 45. Qg3 Qxg3+ 0-1

[Event "Zudov Memorial-A 6th"]
[Site "Nizhnij Tagil"]
[Date "2010.06.27"]
[Round "2"]
[White "Matveev, Vladimir"]
[Black "Skurygin, Anton"]
[Result "1/2-1/2"]
[WhiteElo "2340"]
[BlackElo "2319"]
[PlyCount "144"]
[EventDate "2010.06.25"]
[EventType "tourn"]
[EventRounds "11"]
[EventCountry "RUS"]
[EventCategory "3"]
[SourceTitle "EXT 2011"]
[Source "ChessBase"]
[SourceDate "2010.11.26"]
[SourceVersion "1"]
[SourceVersionDate "2010.11.26"]
[SourceQuality "1"]

1. Nf3 d5 2. c4 c6 3. d4 Nf6 4. Nc3 a6 5. cxd5 cxd5 6. Bf4 Nc6 7. e3 e6 8. Bd3 Bd6 9. Bxd6 Qxd6 10. 0-0 0-0 11. Rc1 Bd7 12. Na4 Nb4 13. Bb1 Bxa4 14. Qxa4 Nc6 15. Rc3 Rac8 16. Rfc1 Ne7 17. Qb3 b5 18. Ne5 g6 19. Bd3 Nd7 20. Nxd7 Qxd7 21. Kf1 Rxc3 22. Rxc3 Rc8 23. Ke2 Rxc3 24. Qxc3 Nc8 25. Qc5 Qb7 26. h4 h5 27. Kd2 Kg7 28. g3 Nb6 29. b3 Nd7 30. Qd6 Nb8 31. Ke2 Nc6 32. Kf3 Ne7 33. Kf4 Nc6 34. Be2 Qc8 35. a4 bxa4 36. bxa4 e5+ 37. Kf3 exd4 38. Kg2 dxe3 39. fxe3 a5 40. Qxd5 Qc7 41. Qc5 Qd7 42. Qc3+ Kg8 43. Qc5 Qd2 44. Kf2 Nb4 45. Qd4 Qc2 46. Qd8+ Kh7 47. Qxa5 Nd3+ 48. Kf3 Qc6+ 49. e4 Nc5 50. Qb4 Nxa4 51. Bb5 Qf6+ 52. Ke3 Qb6+ 53. Kf3 Nc5 54. Qc4 Qf6+ 55. Ke3 Ne6 56. Bd7 Ng7 57. Qc7 Qe7 58. Qc6 Qe5 59. Kf3 Qd4 60. Qd5 Qc3+ 61. Kg2 Qb2+ 62. Kf3 Qc3+ 63. Kg2 Qf6 64. e5 Qe7 65. Qd6 Qd8 66. Kf3 Kg8 67. Kf4 Ne8 68. Bxe8 Qxe8 69. Qf6 Kh7 70. Kg5 Qf8 71. Qd6 Qh6+ 72. Kf6 Qg7+ 1/2-1/2

[Event "Kurgan op"]
[Site "Kurgan"]
[Date "2010.03.27"]
[Round "8"]
[White "Matveev, Vladimir"]
[Black "Petrov, Victor"]
[Result "1-0"]
[WhiteElo "2333"]
[BlackElo "2117"]
[PlyCount "81"]
[EventDate "2010.03.20"]
[EventType "swiss"]
[EventRounds "9"]
[EventCountry "RUS"]
[SourceTitle "CBM 135 Extra"]
[Source "ChessBase"]
[SourceDate "2010.05.04"]
[SourceVersion "1"]
[SourceVersionDate "2010.05.04"]
[SourceQuality "1"]

1. Nf3 Nf6 2. c4 g6 3. Nc3 Bg7 4. e4 0-0 5. d4 d6 6. Be2 e5 7. 0-0 Nc6 8. d5 Ne7 9. b4 Nh5 10. Re1 a5 11. bxa5 Rxa5 12. Nd2 Nf4 13. Bf1 f5 14. a4 fxe4 15. Nb3 Ra8 16. Nxe4 Nf5 17. g3 Nh5 18. c5 Nd4 19. Bg2 Bg4 20. Qxg4 Nxb3 21. Bg5 Bf6 22. Rab1 Nxc5 23. Nxc5 dxc5 24. Bh6 Bg7 25. Bxg7 Nxg7 26. Rxb7 Qf6 27. Re2 Rf7 28. Qc4 Nf5 29. Rxc7 Rb8 30. Rxf7 Rb1+ 31. Bf1 Qxf7 32. Qa2 Rd1 33. d6 c4 34. Rd2 Rxd2 35. Qxd2 Nd4 36. Qb4 Kg7 37. Bxc4 Qf3 38. Qe1 Qf6 39. Qe4 Qxd6 40. Qd5 Qc7 41. a5 1-0

[Event "Kurgan op"]
[Site "Kurgan"]
[Date "2010.03.23"]
[Round "4"]
[White "Matveev, Vladimir"]
[Black "Gimadutdinov, Ilnur"]
[Result "1-0"]
[WhiteElo "2333"]
[BlackElo "2222"]
[PlyCount "57"]
[EventDate "2010.03.20"]
[EventType "swiss"]
[EventRounds "9"]
[EventCountry "RUS"]
[SourceTitle "CBM 135 Extra"]
[Source "ChessBase"]
[SourceDate "2010.05.04"]
[SourceVersion "1"]
[SourceVersionDate "2010.05.04"]
[SourceQuality "1"]

1. Nf3 Nf6 2. c4 g6 3. Nc3 d5 4. Qa4+ Bd7 5. Qb3 Bc6 6. Ne5 dxc4 7. Qxc4 e6 8. d4 Nd5 9. e4 Nxc3 10. Nxc6 Nxc6 11. bxc3 Be7 12. Be3 0-0 13. Be2 a6 14. Rd1 Na5 15. Qa4 c6 16. 0-0 b5 17. Qc2 c5 18. d5 exd5 19. exd5 Bd6 20. c4 bxc4 21. g3 f5 22. Bd2 Re8 23. Rfe1 f4 24. Bg4 fxg3 25. Rxe8+ Qxe8 26. Be6+ Kf8 27. Bh6+ Ke7 28. Bg5+ Kf8 29. Qc3 1-0

[Event "Kurgan op"]
[Site "Kurgan"]
[Date "2010.03.20"]
[Round "1"]
[White "Schargin, Andrei"]
[Black "Matveev, Vladimir"]
[Result "0-1"]
[WhiteElo "1995"]
[BlackElo "2333"]
[PlyCount "80"]
[EventDate "2010.03.20"]
[EventType "swiss"]
[EventRounds "9"]
[EventCountry "RUS"]
[SourceTitle "CBM 135 Extra"]
[Source "ChessBase"]
[SourceDate "2010.05.04"]
[SourceVersion "1"]
[SourceVersionDate "2010.05.04"]
[SourceQuality "1"]

1. e4 d6 2. d4 g6 3. Bc4 Nf6 4. Nc3 Bg7 5. Nge2 0-0 6. Ng3 e5 7. h4 exd4 8. Nce2 c5 9. Nf4 b5 10. Be2 Bb7 11. 0-0 Nxe4 12. h5 c4 13. Nxe4 Bxe4 14. h6 Be5 15. Re1 d5 16. Bf3 Qd6 17. Bxe4 dxe4 18. Qg4 f5 19. Qg5 Qf6 20. Nd5 Qxg5 21. Bxg5 Nc6 22. f4 Bd6 23. Nf6+ Kf7 24. Nxh7 Rh8 25. Nf6 Bxf4 26. Nxe4 Bxg5 27. Nxg5+ Kf6 28. Re6+ Kxg5 29. Rxc6 Kxh6 30. Kf2 Rhc8 31. Rd6 Rd8 32. Rc6 d3 33. Rh1+ Kg5 34. c3 Re8 35. Rh3 Re2+ 36. Kf3 Re4 37. Rh2 Rae8 38. Ra6 Re3+ 39. Kf2 Kf4 40. Rxg6 Re2+ 0-1

[Event "RUS-chT Clubs U18"]
[Site "Rybinsk"]
[Date "2009.08.09"]
[Round "8"]
[White "Matveev, Vladimir"]
[Black "Denishev, Marat"]
[Result "1-0"]
[WhiteElo "2222"]
[BlackElo "2028"]
[PlyCount "101"]
[EventDate "2009.08.02"]
[EventType "team-swiss"]
[EventRounds "9"]
[EventCountry "RUS"]
[SourceTitle "CBM 131 Extra"]
[Source "ChessBase"]
[SourceDate "2009.09.03"]
[SourceVersion "2"]
[SourceVersionDate "2009.09.16"]
[SourceQuality "1"]

1. d4 e6 2. c4 f5 3. g3 Nf6 4. Bg2 d5 5. Nf3 c6 6. 0-0 Bd6 7. b3 0-0 8. Qc2 Qe7 9. Nbd2 b6 10. Ne1 Bb7 11. Nd3 Nbd7 12. Nf3 Rac8 13. Bf4 c5 14. Bxd6 Qxd6 15. dxc5 Nxc5 16. Nde5 Nfd7 17. Qb2 Nxe5 18. Nxe5 Nd7 19. Nxd7 Qxd7 20. Rfd1 Rfd8 21. cxd5 Bxd5 22. Bxd5 exd5 23. Rd4 Qe6 24. Rad1 Rd7 25. Qd2 Rcd8 26. Qd3 Qe5 27. h4 Rd6 28. e3 R6d7 29. Kg2 Rd6 30. Rc1 h6 31. Qb5 Qe7 32. Qd3 Qe5 33. Kg1 R6d7 34. Rc6 Rd6 35. Rxd6 Rxd6 36. Qc2 Qe6 37. Rf4 g6 38. h5 Kf7 39. hxg6+ Kxg6 40. g4 Kg5 41. gxf5 Qf6 42. Qc8 Rd8 43. Qc7 Rg8 44. Kh2 Kh5 45. Qd7 Qg7 46. Qxg7 Rxg7 47. Rd4 Rd7 48. e4 Kg5 49. Rxd5 Rxd5 50. exd5 Kxf5 51. f4 1-0

[Event "RUS-chT Clubs U18"]
[Site "Rybinsk"]
[Date "2009.08.05"]
[Round "4"]
[White "Gorishniy, Yuri"]
[Black "Matveev, Vladimir"]
[Result "1/2-1/2"]
[WhiteElo "2080"]
[BlackElo "2222"]
[PlyCount "122"]
[EventDate "2009.08.02"]
[EventType "team-swiss"]
[EventRounds "9"]
[EventCountry "RUS"]
[SourceTitle "CBM 131 Extra"]
[Source "ChessBase"]
[SourceDate "2009.09.03"]
[SourceVersion "2"]
[SourceVersionDate "2009.09.16"]
[SourceQuality "1"]

1. Nf3 Nf6 2. c4 g6 3. Nc3 Bg7 4. e4 d6 5. d4 0-0 6. Be2 e5 7. 0-0 Nc6 8. d5 Ne7 9. b4 Nh5 10. Re1 Nf4 11. Bf1 f5 12. Bxf4 exf4 13. e5 dxe5 14. Nxe5 a5 15. a3 f3 16. Rc1 axb4 17. axb4 fxg2 18. Bxg2 f4 19. d6 Qxd6 20. Qxd6 cxd6 21. Nd7 Bxd7 22. Rxe7 Bc6 23. Bd5+ Kh8 24. b5 Bxd5 25. Nxd5 Rab8 26. c5 dxc5 27. Rxc5 Rfe8 28. Rxe8+ Rxe8 29. Nxf4 Be5 30. Nd3 Bd6 31. Rd5 Re6 32. Nb2 b6 33. Na4 Bb4 34. Rd8+ Kg7 35. Rd7+ Kh6 36. Rc7 Ba5 37. Rc6 Re5 38. Nxb6 Rxb5 39. Nc4 Rg5+ 40. Kf1 Bb4 41. Ne3 Kh5 42. Ke2 Ra5 43. Kf3 Kg5 44. Rc4 Bd6 45. Rg4+ Kf6 46. h3 Bc5 47. Rf4+ Kg7 48. Re4 Ra7 49. Ng4 h5 50. Ne3 Kh6 51. Re5 Rf7+ 52. Kg2 Bb4 53. Rb5 Be1 54. Rb2 Bc3 55. Rb3 Bd4 56. Rd3 Ba7 57. Ra3 Bb6 58. Rb3 Bd4 59. Rd3 Bf6 60. Nd5 Bh4 61. Rf3 Rd7 1/2-1/2

[Event "Rybinsk op"]
[Site "Rybinsk"]
[Date "2009.06.19"]
[Round "8"]
[White "Matveev, Vladimir"]
[Black "Prohorov, Sergey"]
[Result "0-1"]
[WhiteElo "2222"]
[BlackElo "2135"]
[PlyCount "64"]
[EventDate "2009.06.14"]
[EventType "swiss"]
[EventRounds "9"]
[EventCountry "RUS"]
[SourceTitle "CBM 131 Extra"]
[Source "ChessBase"]
[SourceDate "2009.09.03"]
[SourceVersion "2"]
[SourceVersionDate "2009.09.16"]
[SourceQuality "1"]

1. d4 d5 2. c4 c6 3. Nc3 Nf6 4. e3 a6 5. Nf3 b5 6. b3 Bf5 7. Bd3 Bxd3 8. Qxd3 e6 9. 0-0 Nbd7 10. Ne5 Nxe5 11. dxe5 Nd7 12. f4 f6 13. cxd5 exd5 14. Bb2 Be7 15. Rad1 0-0 16. Nxd5 Nc5 17. Nxe7+ Qxe7 18. exf6 gxf6 19. Ba3 a5 20. Bxc5 Qxc5 21. Rc1 Qb6 22. Rf3 Rad8 23. Rg3+ Kh8 24. Qc3 Rd6 25. Rg5 Qd8 26. Rc5 Rd3 27. Qb2 Rxe3 28. Rxc6 Qe7 29. h3 Re2 30. Qc3 Qe4 31. Qg3 Rg8 32. Rc8 Rxg2+ 0-1

[Event "Rybinsk op"]
[Site "Rybinsk"]
[Date "2009.06.15"]
[Round "3"]
[White "Arakelov, Ilya Sergeevich"]
[Black "Matveev, Vladimir"]
[Result "1-0"]
[WhiteElo "2350"]
[BlackElo "2222"]
[PlyCount "63"]
[EventDate "2009.06.14"]
[EventType "swiss"]
[EventRounds "9"]
[EventCountry "RUS"]
[SourceTitle "CBM 131 Extra"]
[Source "ChessBase"]
[SourceDate "2009.09.03"]
[SourceVersion "2"]
[SourceVersionDate "2009.09.16"]
[SourceQuality "1"]

1. d4 Nf6 2. c4 e6 3. Nf3 b6 4. g3 Bb7 5. Bg2 d5 6. Nbd2 Be7 7. 0-0 0-0 8. b3 Nbd7 9. Bb2 c5 10. e3 Rc8 11. Rc1 Qc7 12. Qe2 Rfd8 13. dxc5 bxc5 14. cxd5 exd5 15. Rfd1 a5 16. Nb1 Ne4 17. Nc3 Ndf6 18. Nxe4 Nxe4 19. Nd2 Nf6 20. Rc2 Qb6 21. Bf1 Rc6 22. Rdc1 Ba6 23. Qf3 Bxf1 24. Rxf1 a4 25. bxa4 Qa6 26. Qf4 c4 27. Rfc1 Qxa4 28. e4 Bb4 29. exd5 Nxd5 30. Qd4 c3 31. Bxc3 Bxc3 32. Qxa4 1-0

[Event "Nizhnij Tagil op"]
[Site "Nizhnij Tagil"]
[Date "2008.12.14"]
[Round "10"]
[White "Matveev, Vladimir"]
[Black "Kornev, Alexander"]
[Result "1-0"]
[WhiteElo "2222"]
[BlackElo "2327"]
[PlyCount "121"]
[EventDate "2008.12.06"]
[EventType "swiss"]
[EventRounds "11"]
[EventCountry "RUS"]
[SourceTitle "EXT 2010"]
[Source "ChessBase"]
[SourceDate "2010.11.25"]
[SourceVersion "1"]
[SourceVersionDate "2010.11.25"]
[SourceQuality "1"]

1. c4 c5 2. g3 g6 3. Bg2 Bg7 4. Nf3 Nc6 5. 0-0 e6 6. d3 Nge7 7. Nc3 0-0 8. Bd2 a6 9. Rb1 Rb8 10. a3 b6 11. b4 Bb7 12. bxc5 bxc5 13. Na4 d6 14. Qc2 Qc7 15. e3 f5 16. Ng5 Nd8 17. Bxb7 Rxb7 18. Rxb7 Qxb7 19. Rb1 Qa8 20. Ba5 Bf6 21. Bxd8 Bxg5 22. Bxe7 Bxe7 23. Qb3 Qe8 24. Qb7 g5 25. Nb6 f4 26. Qd7 Qxd7 27. Nxd7 Rd8 28. Nb8 Bf8 29. Nxa6 Rd7 30. Nb8 Ra7 31. Rb3 Kf7 32. Kg2 fxe3 33. fxe3 g4 34. Kf2 h5 35. Ke2 Kf6 36. d4 cxd4 37. exd4 Rc7 38. Kd3 h4 39. gxh4 Rh7 40. Rb2 Rxh4 41. Nd7+ Ke7 42. Nxf8 Rh3+ 43. Ke4 Kxf8 44. a4 Ra3 45. Rb4 Ra2 46. Kf4 Rxh2 47. Kxg4 Rd2 48. Kg5 Ke7 49. a5 Rg2+ 50. Kf4 Ra2 51. Rb7+ Kd8 52. Kg5 e5 53. d5 Rxa5 54. Kf6 Rc5 55. Ke6 Rxc4 56. Kxd6 e4 57. Rh7 Ke8 58. Ke6 Kf8 59. Rh4 Ra4 60. d6 Ra6 61. Rxe4 1-0

[Event "Nizhnij Tagil op"]
[Site "Nizhnij Tagil"]
[Date "2008.12.12"]
[Round "8"]
[White "Matveev, Vladimir"]
[Black "Ogloblin, Nikolay"]
[Result "1/2-1/2"]
[WhiteElo "2222"]
[BlackElo "2417"]
[PlyCount "142"]
[EventDate "2008.12.06"]
[EventType "swiss"]
[EventRounds "11"]
[EventCountry "RUS"]
[SourceTitle "EXT 2010"]
[Source "ChessBase"]
[SourceDate "2010.11.25"]
[SourceVersion "1"]
[SourceVersionDate "2010.11.25"]
[SourceQuality "1"]

1. d4 e6 2. c4 b6 3. Nc3 Bb4 4. Nf3 Nf6 5. Qc2 Bb7 6. e3 Ne4 7. Bd3 Bxc3+ 8. bxc3 f5 9. 0-0 0-0 10. Nd2 Qh4 11. f3 Ng5 12. e4 fxe4 13. Nxe4 Nxe4 14. Bxe4 Bxe4 15. Qxe4 Qxe4 16. fxe4 Rxf1+ 17. Kxf1 Nc6 18. Ke2 d6 19. Be3 Na5 20. c5 d5 21. exd5 exd5 22. Bf4 Re8+ 23. Kd3 c6 24. Rb1 Nc4 25. a4 Re4 26. g3 Kf7 27. a5 bxa5 28. Rb7+ Re7 29. Rb8 h6 30. Rc8 g5 31. Bd2 Re6 32. Rc7+ Kg6 33. Rxa7 Kf5 34. h3 a4 35. g4+ Kg6 36. Ra6 a3 37. Bc1 h5 38. Bxa3 Re3+ 39. Kc2 Rxh3 40. Rxc6+ Kf7 41. Bc1 hxg4 42. Bxg5 g3 43. Rf6+ Kg7 44. Rf1 Kg6 45. Bc1 Rh2+ 46. Kd3 g2 47. Rg1 Kf5 48. Ke2 Ke4 49. Bg5 Rh3 50. Rxg2 Rxc3 51. Rg4+ Kf5 52. Rg1 Rh3 53. Bc1 Rc3 54. Rf1+ Ke6 55. Bg5 Kd7 56. Rf6 Rg3 57. c6+ Ke7 58. Rf5+ Ke6 59. Rf6+ Ke7 60. Bh4 Rg8 61. Kf3 Rf8 62. Rf5+ Ke8 63. Bf6 Na5 64. c7 Kd7 65. Kf4 Nc6 66. Rxd5+ Kxc7 67. Kg5 Rf7 68. Be5+ Kc8 69. Rd6 Kb7 70. Bf6 Kc7 71. Re6 Rd7 1/2-1/2

[Event "Nizhnij Tagil op"]
[Site "Nizhnij Tagil"]
[Date "2008.12.11"]
[Round "7"]
[White "Kanter, Eduard"]
[Black "Matveev, Vladimir"]
[Result "1/2-1/2"]
[WhiteElo "2349"]
[BlackElo "2222"]
[PlyCount "77"]
[EventDate "2008.12.06"]
[EventType "swiss"]
[EventRounds "11"]
[EventCountry "RUS"]
[SourceTitle "EXT 2010"]
[Source "ChessBase"]
[SourceDate "2010.11.25"]
[SourceVersion "1"]
[SourceVersionDate "2010.11.25"]
[SourceQuality "1"]

1. d4 Nf6 2. c4 g6 3. Nc3 Bg7 4. e4 d6 5. Be2 0-0 6. Nf3 e5 7. Be3 Ng4 8. Bg5 f6 9. Bc1 exd4 10. Nxd4 Ne5 11. f4 Nec6 12. f5 Nxd4 13. Qxd4 Nc6 14. Qd5+ Kh8 15. g4 Nb4 16. Qd1 a5 17. Bf4 Re8 18. Qd2 Bd7 19. 0-0-0 Bc6 20. Bf3 a4 21. Kb1 Qb8 22. Nd5 Na6 23. h4 Bxd5 24. cxd5 Nc5 25. g5 Qc8 26. fxg6 Nxe4 27. Bxe4 Rxe4 28. gxf6 Bxf6 29. Bg5 Bg7 30. Rdf1 Qe8 31. Bf6 Qxg6 32. Bxg7+ Qxg7 33. Rhg1 Qe7 34. Qc3+ Re5 35. Rg5 Rg8 36. Rgf5 Qg7 37. Rf7 Qg6+ 38. Kc1 Qh6+ 39. Kb1 1/2-1/2